000 00628nam a2200205Ia 4500
005 20250923144959.0
008 008 250917s9999 xx 000 0 eng d
037 _aTextual
040 _aDSWL
_beng
_cDSWL
041 _aeng
_2eng
084 _aYX,Z50g06:5.2WM65, N39
_qDSWL
100 _aFuller, Mary Lucia Biera
_9830529
245 4 _aThe triumph of an Indian Widow
_cby Mary Lucia Biera Fuller
260 _aPenna
_bRamabai Mukti Mission Havertousn
300 _a72 p.
365 _aINR
_b4.00
925 _g4.00
942 _cTEXL
_hYX,Z50g06:5.2WM65, N39
999 _c1445653
_d1445653